Представление документа в формате MARC21

ПолеНазваниеЗначение
  Тип записи a
  Библиографический уровень m
001 Контрольный номер RU\infra-m\znanium\bibl\2192056
005 Дата корректировки 20260429142112.2
008 Кодируемые данные 260128s2025 RU g rus u
020 Индекс ISBN __
a ISBN 978-5-00156-422-5
020 Индекс ISBN __
a ISBN 978-5-16-113406-1 (электр. издание)
020 Индекс ISBN __
a ISBN 978-5-16-020751-3 (ISBN соиздателя)
040 Источник каталогиз. __
a Служба первич. каталог. Общество с ограниченной ответственностью «ЗНАНИУМ»
041 Код языка издания __
a Код языка текста rus
044 Код страны публикации __
a Код страны публикации RU
080 Индекс УДК __
a Индекс УДК 341
084 Индекс другой классификации/Индекс ББК __
2 Источник индекса rubbk
a Индекс другой классификации/Индекс ББК 67.412
084 Индекс другой классификации/Индекс ББК __
2 Источник индекса okso
a Индекс другой классификации/Индекс ББК 38.05.02
084 Индекс другой классификации/Индекс ББК __
2 Источник индекса okso
a Индекс другой классификации/Индекс ББК 40.03.01
084 Индекс другой классификации/Индекс ББК __
2 Источник индекса okso
a Индекс другой классификации/Индекс ББК 40.04.01
084 Индекс другой классификации/Индекс ББК __
2 Источник индекса okso
a Индекс другой классификации/Индекс ББК 40.05.01
084 Индекс другой классификации/Индекс ББК __
2 Источник индекса okso
a Индекс другой классификации/Индекс ББК 40.05.02
084 Индекс другой классификации/Индекс ББК __
2 Источник индекса okso
a Индекс другой классификации/Индекс ББК 40.05.03
084 Индекс другой классификации/Индекс ББК __
2 Источник индекса okso
a Индекс другой классификации/Индекс ББК 40.05.04
084 Индекс другой классификации/Индекс ББК __
2 Источник индекса okso
a Индекс другой классификации/Индекс ББК 40.06.01
084 Индекс другой классификации/Индекс ББК __
2 Источник индекса okso
a Индекс другой классификации/Индекс ББК 41.04.05
084 Индекс другой классификации/Индекс ББК __
2 Источник индекса okso
a Индекс другой классификации/Индекс ББК 42.03.02
100 Автор __
a Автор Капустин А.Я.
q Полное имя Капустин Анатолий Яковлевич
u Дополнение Институт законодательства и сравнительного правоведения при Правительстве Российской Федерации
245 Заглавие __
a Заглавие Новая реальность международного права
b Продолж. заглавия Монография
c Ответственность Институт законодательства и сравнительного правоведения при Правительстве Российской Федерации; Институт законодательства и сравнительного правоведения при Правительстве Российской Федерации
250 Сведения об издании __
a Основные сведения об издании 1
260 Выходные данные __
a Место издания Москва
b Издательство ООО "Юридическое издательство Норма"
c Дата издания 2026
300 Физическое описание __
a Объем 268 с.
520 Аннотация __
a Аннотация В монографии представлены результаты анализа особенностей функционирования норм международного права в условиях трансформации миропорядка усиления рисков военного пандемического технологического и иного характера представляющих опасность для населения планеты. Исследование охватывает общетеоретические философские и другие концептуальные вопросы развития международного права отраслевые и региональные способы противостояния современным вызовам и угрозам. При этом дискуссии существующей в отечественном международно-правовом пространстве придается позитивное направление рассчитанное на дальнейший прогресс человечества на основе международного права. Для правоведов — ученых и практиков преподавателей студентов и аспирантов юридических вузов и факультетов.
521 Примеч. о цел. назн. __
a Примеч. о целев. назн. Дополнительное профессиональное образование
650 Тематические рубрики __
a Основная рубрика Право. Юридические науки
x Основная подрубрика Международное право и международное частное право
655 Указ. предметных рубрик (устаревшее) __
a Жанр/ форма (устаревшее) Монография
700 Другие авторы __
a Другие авторы Авхадеев В.Р.
q Полное имя Авхадеев Владислав Рамилевич
700 Другие авторы __
a Другие авторы Аду Я.Н.
q Полное имя Аду Яо Никэз
u Дополнение Российский университет дружбы народов имени Патриса Лумумбы
700 Другие авторы __
a Другие авторы Бальхаева С.Б.
q Полное имя Бальхаева Саяна Баировна
u Дополнение Институт законодательства и сравнительного правоведения при Правительстве Российской Федерации
700 Другие авторы __
a Другие авторы Берг Л.А.
q Полное имя Берг Лана Александровна
700 Другие авторы __
a Другие авторы Боброва Ю.В.
q Полное имя Боброва Юлия Викторовна
700 Другие авторы __
a Другие авторы Каширкина А.А.
q Полное имя Каширкина Анна Анатольевна
u Дополнение Институт законодательства и сравнительного правоведения при Правительстве Российской Федерации
700 Другие авторы __
a Другие авторы Мехтиев М.Г.
q Полное имя Мехтиев Мехти Галиб оглы
u Дополнение Институт законодательства и сравнительного правоведения при Правительстве Российской Федерации
700 Другие авторы __
a Другие авторы Морозов А.Н.
q Полное имя Морозов Андрей Николаевич
u Дополнение Институт законодательства и сравнительного правоведения при Правительстве Российской Федерации
700 Другие авторы __
a Другие авторы Осминин Б.И.
q Полное имя Осминин Борис Иванович
700 Другие авторы __
a Другие авторы Сайфуллин Э.К.
q Полное имя Сайфуллин Эмиль Камильевич
700 Другие авторы __
a Другие авторы Холиков И.В.
q Полное имя Холиков Иван Владимирович
700 Другие авторы __
a Другие авторы Шульга С.В.
q Полное имя Шульга Сергей Витальевич
u Дополнение Институт законодательства и сравнительного правоведения при Правительстве Российской Федерации
856 Электронный адрес документа 4_
a Имя сервера/домена znanium.ru
m Помощь ebs_support@infra-m.ru
n Местонахождение сервера НИЦ ИНФРА-М
u URL https://znanium.ru/catalog/document?id=468675
856 Электронный адрес документа 48
a Имя сервера/домена znanium.ru
d Путь /cover/2192
f Электронное имя 2192056.jpg
q Тип электронного формата image/jpeg
u URL https://znanium.ru/cover/2192/2192056.jpg
911 __
u 0030=https://znanium.ru/catalog/document?id=468675
911 __
u 712a=Институт законодательства и сравнительного правоведения при Правительстве Российской Федерации